00718nam a2200241 a 4500001001300000003000900013005001700022008004100039020001000080082002100090100001600111245002200127260002500149300000900174500003500183505004800218650002300266700001600289902000800305942000700313952013900320999001700459nice12345678IN_TiNIC20260116015045.0050524s1994 dela grp 000 0 eng  ac10000a270.820954bPHI1 aPhilip, T V aEcumenism in Asia aDelhi bISPCK c1994 a174p aincludes index and biblioraphy2 aBibliography, Notes, Acknowledgments, Index aEcumenicalism-Asia1 aPhilip, T V bSRS cBK 001040708StackRoom-aHMIbHMId2007-07-18g100.00l2m1o270.820954 PHI1p11000622r2023-07-10s2023-03-20v100.00w2005-05-24yBK c18135d18135